College Football Matchups: Georgia - Statistics

General Stats
  • This quiz has been taken 238 times
    48 since last reset
  • The average score is 12 of 16
Answer Stats
Games Opponent Subdivision % Correct
76 Alabama Power 4
100%
103 Florida Power 4
100%
119 Georgia Tech Power 4
98%
130 Auburn Power 4
95%
76 South Carolina Power 4
91%
79 Kentucky Power 4
88%
83 Vanderbilt Power 4
88%
33 LSU Power 4
86%
55 Tennessee Power 4
86%
50 Ole Miss Power 4
84%
28 Mississippi State Power 4
81%
66 Clemson Power 4
77%
31 North Carolina Power 4
53%
25 Tulane Group of 5
40%
22 Mercer FCS
35%
23 Furman FCS
19%
No matching quizzes found
Score Distribution
Percent of People with Each Score
Percentile by Number Answered
Your Score History
You have not taken this quiz since the last reset